000 00639nam a2200181Ia 4500
008 100920s9999 xx 000 0 und d
082 _b77293
_a320 थ 92
100 _aलिंबाळे शरणकुमार.
245 _aभारतीय दलित पँथर.
260 _bप्रचार प्रकाशन, कोल्हापूर.
_c1992
300 _a121
_bसाधी
365 _b60
520 _aराजकारण.
630 _aभारतीय दलित पँथर.
650 _aराजकारण.
730 _aभारतीय दलित पँथर.
942 _cBOOK
999 _c718590
_d718587